Capitales d'Amérique du Nord - Statistiques

Statistiques générales
  • Ce quiz a été pris 10 287 fois
  • Le résultat moyen est 13 sur 23
Statistiques - réponses
Pays Capitales % Correct
États-Unis Washington
93%
Canada Ottawa
91%
Mexique Mexico
90%
Panama Panama
77%
Cuba La Havane
76%
Guatemala Guatemala
69%
Jamaïque Kingston
65%
Salvador San Salvador
65%
Haïti Port-au-Prince
63%
République Dominicaine Saint-Domingue
58%
Costa Rica San José
56%
Bahamas Nassau
53%
Nicaragua Managua
48%
Belize Belmopan
44%
Trinité-et-Tobago Port-d'Espagne
44%
Antigua-et-Barbuda Saint John's
44%
Honduras Tegucigalpa
44%
Dominique Roseau
39%
Saint-Vincent-et-les-Grenadines Kingstown
37%
Saint-Christophe-et-Niévès Basseterre
36%
Barbade Bridgetown
36%
Sainte-Lucie Castries
35%
Grenade Saint George's
34%
Aucun quiz correspondant
Distribution des résultats
% des personnes avec chaque résultat
Percentile par nombre de réponses
Votre historique - résultats
Vous n’avez pas pris ce quiz